000
00473nam a2200169Ia 4500
008
090711s9999 xx 000 0 und d
082
_b
69982
100
_a
आपटे ह. ना.
245
_a
यशवंतराव खरे
260
_c
1928
300
_a
311
600
_a
आपटे ह. ना.
630
_a
यशवंतराव खरे
700
_a
आपटे ह. ना.
730
_a
यशवंतराव खरे
942
_c
BOOK
999
_c
287685
_d
287685